Tribhuvan University Central Library

केही समीक्षाः केही विवक्षा(समालोचना सङ्ग्रह) (Record no. 88961)

MARC details
000 -LEADER
fixed length control field 00574nam a22001817a 4500
008 - FIXED-LENGTH DATA ELEMENTS--GENERAL INFORMATION
fixed length control field 191227b xxu||||| |||| 00| 0 eng d
020 ## - INTERNATIONAL STANDARD BOOK NUMBER
International Standard Book Number 9789937026345
041 ## - LANGUAGE CODE
Language code of text/sound track or separate title Nep.
082 ## - DEWEY DECIMAL CLASSIFICATION NUMBER
Classification number N895.51809/K522k
100 ## - MAIN ENTRY--PERSONAL NAME
Personal name Kafle, Chudamani
241 ## - ROMANIZED TITLE (BK AM CF MP MU VM)
Romanized title Kehi samiksha:Kehi vivaksha
245 ## - TITLE STATEMENT
Title केही समीक्षाः केही विवक्षा(समालोचना सङ्ग्रह)
260 ## - PUBLICATION, DISTRIBUTION, ETC.
Place of publication, distribution, etc. Bhaktapur:
Name of publisher, distributor, etc. Brinda Kafle,
Date of publication, distribution, etc. 2074B.S.
300 ## - PHYSICAL DESCRIPTION
Extent 150p.;illus.
650 ## - SUBJECT ADDED ENTRY--TOPICAL TERM
Topical term or geographic name entry element Nepali literature
650 ## - SUBJECT ADDED ENTRY--TOPICAL TERM
Topical term or geographic name entry element Criticism
942 ## - ADDED ENTRY ELEMENTS (KOHA)
Source of classification or shelving scheme Dewey Decimal Classification
Koha item type ISBN
Holdings
Withdrawn status Lost status Source of classification or shelving scheme Damaged status Not for loan Home library Current library Date acquired Total Checkouts Full call number Barcode Date last seen Price effective from Koha item type
    Dewey Decimal Classification     Tribhuvan University Central Library Tribhuvan University Central Library 12/27/2019   N895.51809/K522k IS14093 12/27/2019 12/27/2019 ISBN
    Dewey Decimal Classification     Tribhuvan University Central Library Tribhuvan University Central Library 12/27/2019   N895.51809/K522k IS14094 12/27/2019 12/27/2019 ISBN
    Dewey Decimal Classification     Tribhuvan University Central Library Tribhuvan University Central Library 05/12/2024   N895.51809/K522k IS20674 05/12/2024 05/12/2024 ISBN
    Dewey Decimal Classification     Tribhuvan University Central Library Tribhuvan University Central Library 05/12/2024   N895.51809/K522k IS20675 05/12/2024 05/12/2024 ISBN